Una aventura sin fronteras

Guardat en:
Dades bibliogràfiques
Autors principals: Choquenet, Claire (Autor), Machín Alvarez, Macarena (Autor), Williamson Modesto, Macarena (Autor), Aracena Carvajal, Jocelyn (Autor)
Format: Llibre
Idioma:espanyol
Publicat: Santiago Lom 2011
Edició:1a. ed
Matèries:
Etiquetes: Afegir etiqueta
Sense etiquetes, Sigues el primer a etiquetar aquest registre!

MARC

LEADER 00000cam a2200000 a 4500
001 UCF4348
003 CL-VaPUC
008 121130e20110000CL |||||||||||||||||spa|d
020 |a 9789560003188 
082 0 4 |a 9  |b CHO  |2 21 
100 0 |a Choquenet, Claire  |e author  |9 565860 
700 0 |a Machín Alvarez, Macarena  |e author  |9 565861 
700 0 |a Williamson Modesto, Macarena  |e author  |9 565862 
700 0 |a Aracena Carvajal, Jocelyn  |e author  |9 565863 
245 1 4 |a Una aventura sin fronteras 
250 |a 1a. ed 
300 |a 28 p 
942 |c BK 
945 |d 20121130 00:00:00  |a dcastane 
260 |a Santiago  |b Lom  |c 2011 
650 0 |a Cuentos infantiles  |9 308044 
650 0 |a Cuentos infantiles chilenos   |9 308784 
650 0 |a Literatura infantil   |9 307465 
583 |a last modification  |c 20121130 23:21:00  |k Rodrigo Vera 
999 |c 350155  |d 350153 
952 |0 0  |1 0  |4 0  |6 9_000000000000000_CHO_2011  |7 0  |8 C  |9 453354  |a BIBCUR  |b BIBCUR  |d 2019-11-22  |i 4930908  |l 4  |o 9 CHO 2011  |p 4930908  |r 2025-04-22  |s 2025-03-18  |w 2019-11-22  |y BK  |k INF